Mengendalikan hubungan suami isteri

Bibliographic Details
Main Author: Nasoha Saabin
Corporate Author: Title
Format: Book
Published: Pahang : PTS Publications & Publishing , 2004
Series:Siri gaya hidup & wanita
Subjects:

MARC

LEADER 00000cam a2200000 7i4500
001 0000012868
005 20080103.0
008 080103
020 |a 9833603386 
090 0 0 |a 306.872   |b NAS 
100 0 |a Nasoha Saabin 
245 1 0 |a Mengendalikan hubungan suami isteri   |c Nasoha Saabin 
260 |a Pahang :   |b PTS Publications & Publishing ,   |c 2004 
440 |a Siri gaya hidup & wanita 
650 0 |a Communication in the family 
650 0 |a Family   |x Religious life 
650 0 |a Husband and wife 
710 0 |a Title 
999 |a 0000924165   |b Book   |c Adult Collection   |e Cawangan Bukit Gambir 
999 |a 0000924166   |b Book   |c Adult Collection   |e Cawangan Bukit Gambir 
999 |a 0000932877   |b Book   |c Adult Collection   |e Cawangan Tangkak 
999 |a 0001010162   |b Book   |c Adult Collection   |e Cawangan Taman Sri Lambak 
999 |a 0001010163   |b Book   |c Adult Collection   |e Perbadanan Perpustakaan Awam Johor 
999 |a 0001010165   |b Book   |c Adult Collection   |e Perbadanan Perpustakaan Awam Johor 
999 |a 0001072267   |b Book   |c Adult Collection   |e Cawangan Bandar Penawar